Every Song by Jawbox - Statistics

General Stats
  • This quiz has been taken 2 times
  • The average score is 11 of 60
Answer Stats
Album Song % Correct
Grippe(1991) Grip
100%
For Your Own Special Sweetheart(1994) Motorist
100%
For Your Own Special Sweetheart(1994) Savory
100%
Novelty(1992) Channel 3
50%
For Your Own Special Sweetheart(1994) Chicago Piano
50%
Novelty(1992) Cutoff
50%
Jawbox(1996) Desert Sea
50%
Jawbox(1996) Excandescent
50%
For Your Own Special Sweetheart(1994) FF=66
50%
Grippe(1991) Freezerburn
50%
For Your Own Special Sweetheart(1994) Jackpot Plus!
50%
Jawbox(1996) Livid
50%
Jawbox(1996) Mirrorful
50%
Novelty(1992) Ones and Zeros
50%
For Your Own Special Sweetheart(1994) Reel
50%
Novelty(1992) Send Down
50%
Novelty(1992) Static
50%
For Your Own Special Sweetheart(1994) U-Trau
50%
For Your Own Special Sweetheart(1994) Whitney Walks
50%
For Your Own Special Sweetheart(Bonus)(2009) 68
0%
Jawbox(1996) Absenter
0%
My Scrapbook of Fatal Accidents(1998) Apollo Amateur
0%
Grippe(1991) Ballast
0%
For Your Own Special Sweetheart(1994) Breathe
0%
Grippe(1991) Bullet Park
0%
Jawbox(1996) Capillary Life
0%
Jawbox(1996) Chinese Fork Tie
0%
Novelty(1992) Chump
0%
Grippe(1991) Consolation Prize
0%
For Your Own Special Sweetheart(1994) Cooling Card
0%
For Your Own Special Sweetheart(1994) Cruel Swing
0%
Jawbox(1989) Beneath the Wheel
0%
Novelty(1992) Dreamless
0%
Jawbox(1996) Empire of One
0%
Jawbox(1989) Footbinder
0%
For Your Own Special Sweetheart(1994) Green Glass
0%
Grippe(1991) Green-Line Delayed
0%
Jawbox(1996) His Only Trade
0%
Grippe(1991) Impossible Figure
0%
Jawbox(1996) Iodine
0%
For Your Own Special Sweetheart(Bonus)(2009) Lil' Shaver
0%
Novelty(1992) Linkwork
0%
The Revisionist EP(2022) Lowdown
0%
My Scrapbook of Fatal Accidents(1998) Low Strung
0%
For Your Own Special Sweetheart(1994) LS/MFT
0%
Grippe(1991) Manatee Bound
0%
Jawbox(1989) Mother Lode
0%
Jawbox(1996) Mule/Stall
0%
Jawbox(1996) Nickle Nickle Millionaire
0%
Grippe(1991) Paint Out the Light
0%
Grippe(1991) Something Must Break
0%
Novelty(1992) Spiral Fix
0%
Novelty(1992) Spit-Bite
0%
Jawbox(1996) Spoiler
0%
My Scrapbook of Fatal Accidents(1998) The Big Shave
0%
Novelty(1992) Tongues
0%
Grippe(1991) Tools and Chrome
0%
Novelty(1992) Tracking
0%
My Scrapbook of Fatal Accidents(1998) Under Glass
0%
Jawbox(1996) Won't Come Off
0%
No matching quizzes found
Score Distribution
Percent of People with Each Score
Percentile by Number Answered
Your Score History
You have not taken this quiz